00508nam a2200193 a 4500001001300000003000900013005001700022008004100039020001000080082001800090100001800108245003600126260004700162300000900209500003500218505001600253650002700269700001800296nice12345678IN_TiNIC20260116011405.0050524s0000 laha grp 000 0 eng  ac10000a297.293bALI1 aAli, Mohammad aDivine Origin of the Holy Quran aLahorebMohammadan Tract and Societyc0000 a168p aincludes index and biblioraphy2 aArabic-Urdu aQuran-Apologetic Works1 aAli, Mohammad